00314 a2200133 450000100060000002000270000604000240003310000160005724000310007324500260010430000100013036200090014065000310014914066 a9788578481551 (broch.) cAnchieta - Aquarius aAlbo, Pablo10aGigante pouco a poucolpor10aGigante pouco a pouco a27p. 0 a2015 4aLiteratura infanto-juvenil